Pokémon - Les attaques de Cléopsytra - Statistiques

Statistiques générales
  • Ce quiz a été pris 17 fois
  • Le résultat moyen est 10 sur 16
Statistiques - réponses
Niveaux Types Noms des attaques % Correct
Niveau 5 Psy Choc Mental
100%
Niveau 49 Psy Psyko
100%
Niveau 43 Fée Éclat Magique
90%
Départ Vol Picpic
90%
Départ Vol Bec Vrille
80%
Niveau 29 Psy Hâte
70%
Niveau 24 Vol Picore
70%
Niveau 19 Psy Rafale Psy
70%
Niveau 8 Fée Regard Touchant
70%
Départ Normal Rugissement
70%
Niveau 11 Fée Voix Enjôleuse
60%
Départ Vol Danse Plumes
50%
Départ Évolution Psy Lumino-Impact
40%
Niveau 15 Normal Vive-Attaque
30%
Niveau 34 Normal Brouhaha
20%
Niveau 54 Normal Dernier Recours
20%
Aucun quiz correspondant
Distribution des résultats
% des personnes avec chaque résultat
Percentile par nombre de réponses
Votre historique - résultats
Vous n’avez pas pris ce quiz